000 02387nam a2200517Ia 4500
001 dia_7332
003 OSt
005 20240514174547.0
007 ta
008 220601s2018 mx adbof 001 0 spa d
040 _amxchpua
090 _aT.C.766
_bE88 IAI
_c[2018]
245 _aCaracterización de la interrelación agricultura - industria de la región oriente y península de Yucatán /
_ccoordinador José Román Espinosa López ; colaboradores María del Rosario Alvarado Hernández...[et al.]
260 _aMéxico :
_bEl autor,
_c[2018]
300 _a72 hojas :
_bilustraciones, mapas, gráficas, diagramas, tablas, fotos +
_e1 CD-ROM
336 _2rdacontent
_atexto
_btxt
337 _2rdamedia
_ano mediado
_bn
338 _2rdacarrier
_avolumen
_bnc
500 _aGrado 5° Grupo 4
502 _aViaje de Estudios
_b(IAI) --
_cUACh. Departamento de Ingeniería Agroindustrial,
_d2018
504 _aBibliografía: hoja 72
505 _aEmpresas visitadas : --
_t1. Licores Argáez, S.A de C.V. -- 2. Cítricos de la península, S de P. R. de R. L. -- 3. Pulmero, S.A. de C.V. -- 4. Agroindustrias del oriente de Yucatán, A.R.I.C. de R.L. de C.V. -- 5. Hacienda Cacaotera Jesús María y Fábrica de Chocolates CACEP -- 6. Café Lohor
650 1 3 _aSemillas de café
_zMéxico
650 1 3 _aProductos del café
_zMéxico
_zYucatán
650 1 3 _aFrutos cítricos
_zMéxico
_zYucatán
650 1 3 _aIndustria de licores
_zMéxico
_zYucatán
650 1 3 _aMiel y productos fabricados por abejas
_zMéxico
650 1 3 _aIndustria pesquera
_zMéxico
_9136530
650 1 3 _aIndustria del ganado y de la carne
_zMéxico
650 1 3 _aCoffee beans
_zMexico
650 1 3 _aCoffee products
_zMexico
_zYucatán
650 1 3 _aCitrus fruits
_zMexico
_zYucatán
650 1 3 _aLiquor industry
_zMexico
_zYucatán
650 1 3 _aHoney and bee products
_zMexico
650 1 3 _aFish industry
_zMexico
650 1 3 _aLivestock and meat industry
_9147938
700 1 _aEspinosa López, José Román
_ecoordinador
700 1 _aAlvarado Hernández, María del Rosario
_9161691
_ecolaborador
856 4 2 _uhttp://10.13.5.2/ve/TC766IA/TC766IA2018-REPORTE.pdf
_yDescargar REPORTE
901 _aT.C.766 E88 IAI [2018]
902 _aM
905 _a513227[2018] mx lnm 8223123322spa16
942 _2local
942 _cVE
999 _c209671
_d209671